| 000 | 00000nam 2200000zi 4500 |
| 001 | 9.943577 |
| 003 | CaOODSP |
| 005 | 20251015114602 |
| 006 | m o d f |
| 007 | cr mn||||||||| |
| 008 | 240925e202409##quca obs f000 0 fre d |
| 020 | |a9780660738079 |
| 040 | |aCaOODSP|bfre|erda|cCaOODSP |
| 043 | |an-cn--- |
| 045 | |ay1y2 |
| 086 | 1 |aEn4-144/21-2024F-PDF |
| 245 | 00|aIndicateurs canadiens de durabilité de l'environnement : |bintégrité écologique des parcs nationaux. |
| 246 | 10|aIntégrité écologique des parcs nationaux |
| 250 | |a[Édition de septembre 2024]. |
| 264 | 1|aGatineau (Québec) : |bEnvironnement et changement climatique Canada = Environment and Climate Change Canada, |cseptembre 2024. |
| 264 | 4|c©2024 |
| 300 | |a1 ressource en ligne (21 pages) : |billustrations en couleur |
| 336 | |atexte|btxt|2rdacontent/fre |
| 337 | |ainformatique|bc|2rdamedia/fre |
| 338 | |aressource en ligne|bcr|2rdacarrier/fre |
| 500 | |aPublié aussi en anglais sous le titre : Canadian environmental sustainability indicators: ecological integrity of national parks. |
| 500 | |a« Code de projet : EC24019 » -- Page 2. |
| 504 | |aComprend des références bibliographiques. |
| 520 | |a« Les écosystèmes sont intègres lorsque leurs éléments, tels que les espèces indigènes et les communautés biologiques, les paysages naturels et leurs fonctions écologiques, sont intacts et sont vraisemblablement maintenus. Annuellement, Parcs Canada résume l'état (bon, passable ou mauvais) et la tendance (en amélioration, stable, en déclin) de l'intégrité écologique des écosystèmes dans les parcs nationaux (comprenant 35 parcs nationaux, 7 réserves de parc national, et 1 parc urbain national) à l'aide d'une série de mesures de surveillance pour suivre la biodiversité et les processus naturels » -- Page 5. |
| 650 | 6|aParcs nationaux|zCanada. |
| 650 | 6|aIntégrité écologique|zCanada|vStatistiques. |
| 650 | 6|aIndicateurs écologiques|zCanada. |
| 655 | 7|aStatistiques|2rvmgf |
| 710 | 1 |aCanada. |bEnvironnement et changement climatique Canada, |eorganisme de publication. |
| 775 | 08|tCanadian environmental sustainability indicators : |w(CaOODSP)9.943576 |
| 794 | |tIndicateurs canadiens de durabilité de l'environnement : |w(CaOODSP)9.956355 |
| 795 | |tIndicateurs canadiens de durabilité de l'environnement : |b(Août 2023)|w(CaOODSP)9.925277 |
| 856 | 40|qPDF|s936 Ko|uhttps://publications.gc.ca/collections/collection_2025/eccc/en4/En4-144-21-2024-fra.pdf |
| 856 | 4 |qHTML|sS.O.|uhttps://www.canada.ca/fr/environnement-changement-climatique/services/indicateurs-environnementaux/integrite-ecologique-parcs-nationaux.html |
| 986 | |aEC24019 |